000 00770nam a2200181 i 4500
001 188496
003 ES-MaACL
005 20250921063041.0
008 181211s1953 sp |||| | spa d
100 1 _aDoyle, Arthur Conan,
_cSir,
_d1859-1930
_945552
245 1 0 _aObras completas /
_cSir Arthur Conan Doyle ; traduccion del inglés, prólogo y notas de Amando Lázaro Ros.
260 _aMadrid :
_bAguilar,
_c1953-1954.
300 _a3 v. ;
_c14 cm.
505 8 _aContiene: 3. El Profesor Challenger; Rodney Stone; La tragedia del "Korosko"-- 4. Cuentos -- 5. La compañía Blanca ; Sir Nigel ; Las hazañas del Brigadier Gerard ; las aventuras de Gerard
700 0 _aLázaro Ros, Amando.
_970807
852 _aES-MaACL
_jP-125
999 _c188496
_d188496